000 00940cam a2200289 i 4500
001 144738
003 ARRUPE
005 20140611121615.0
008 830310s1960 enka 000 0aeng d
020 _a057106454X
035 _a(OCoLC)7629827
035 _a(OCoLC)ocm07629827
035 _a(CStRLIN)NYCG83-B18468
035 _a(NNC)144738
040 _aNNC
_cNNC
_dNNC
090 _aPR6037.A86
_bZ85
100 1 _aSassoon, Siegfried,
_d1886-1967.
_910815
245 1 0 _aMemoirs of a fox-hunting man /
_cby Siegfried Sassoon ; with decorations by William Nicholson.
260 _aLondon ;
_aBoston :
_bFaber and Faber,
_c1960
_g(1980 printing)
300 _a313 p. :
_bill. ;
_c19 cm.
490 1 _aFaber paperbacks
600 1 0 _aSassoon, Siegfried,
_d1886-1967
_vBiography.
_910816
650 0 _aAuthors, English
_y20th century
_vBiography.
_910817
830 0 _aFaber paperbacks.
_910818
942 _2lcc
_cMONOGRAPH
999 _c120700
_d120700